000 01194ncm a2200325 c 4500
999 _c353486
_d353486
003 BLK
005 20241023005402.0
008 180414b bul |a|er|||| |0| c|bulo|
010 _aNOT00001237000
040 _aBLK
041 _aDEU
_cDEU
080 _aКонцерт за кларинет и оркестър
_b785.6:788.6
_z785.6:788.6
100 _aВебер, Карл Мария фон
_eпърви автор
_9276870
139 _aВебер, Карл Мария фон
_bВ 34
245 1 0 _aКонцерт № 2 для кларнета с оркестром
_bКлавир
_cКарл Мария фон Вебер; Carl Maria von Weber.
_sОп. 74
257 _aRUS
260 _bМузыка
_c1985
_9402764
_aМосква
300 _a43 с.
_c29 см
_eщим 12 с.
380 _a7
650 0 _aКларинет - концерти, концертини
_9353187
653 _aконцерти
653 7 _aкларинети
_9188643
700 _aWeber, Carl Maria von
_9353181
852 _aЦБ М ІІ 10357
_p0
856 4 _qpdf
_u
856 4 _qpdf
_u
942 _cNOT
_n0
_s1
944 _aCR
_c2020-04-10
_k
_lCRON CRON
999 _d301491